00708nam a2200241 a 4500001001300000003000900013005001700022008004100039020001000080082001600090100002300106245001900129260003900148300000900187500003500196505004700231650002200278700002300300902000800323942000700331952011300338999001500451nice12345678IN_TiNIC20260116012908.0050524s1960 luca grp 000 0 urd  ac3.500a891.41bALA aAlavi, Ameer Ahmad aYadgar-E-Anees aLucknowbSarfraz Qaumi Pressc1960 a203p aincludes index and biblioraphy2 aFoot notes by Maulana Maulvi Ilahi Bakhsh. aUrdu-Poetry-anees1 aAlavi, Ameer Ahmad bSRS cBK 001040708StackRoom-aHMIbHMId2007-06-18g3.50l0o891.41 ALAp011768r2007-06-18v3.50w2005-05-24yBK c8793d8793